000
00283nam a22001217a 4500
008
190311b xxu||||| |||| 00| 0 eng d
041
_a
eng
080
_a
043.3
100
_a
0
101
_a
MBE-BA
245
_a
Strategjite e Hyrjes ne Tregjet e Jashtme
_c
Ademi, H
942
_2
udc
_c
BK
999
_c
54702
_d
54702